000 01088cas a22003017a 4500
005 20220817043548.0
008 990630d1965 ar qr p rnn 0 uub1spa d
010 _a78506
011 _a79478
035 _a89731
245 0 0 _aBoletín Informativo Manisero
_c/por Instituto Nacional de Tecnología Agropecuaria
260 0 _aManfredi, Cordoba :
_bInstituto Nacional de Tecnología Agropecuaria,
_c1965-.
300 _av.
310 _aTrimestral
362 1 _an.31, 1974
500 _aSe dejó de recibir a partir del n.31, 1974.
590 _aBATCH-UPD
_b10
_c20130110
_lUCH01
_h0552
590 _aBATCH-UPD
_b10
_c20130410
_lUCH01
_h0233
590 _aBATCH-UPD
_b10
_c20130913
_lUCH01
_h2055
590 _aCONVERSION
_b10
_c20130109
_lUCH01
_h1343
650 1 4 _aAgricultura
_xInnovaciones tecnológicas
_xPublicaciones periódicas.
650 1 4 _aTecnología
_xPublicaciones periódicas.
_9111954
866 _an.27-31 (1972-1974)
866 _av.1 n.1-4 (1965-1966)
866 _av.2 n.6-v.4 n.23 (1967-1971)
901 _aSE
905 _aMa. del Socorro Iturbe C.
999 _c78506
_d78506